Villes d'Espagne A-Z - Statistiques

Statistiques générales
  • Ce quiz a été pris 368 fois
  • Le résultat moyen est 10 sur 21
Statistiques - réponses
Lettre Villes % Correct
B Badajoz / Barcelone / Bilbao / Burgos / Badalona / Baracaldo / Borriana / Benidorm
100%
M Madrid / Malaga / Marbella / Mieres / Mérida / Manacor / Majadahonda / Melilla / Mataro / Mostoles / Murcie
98%
S Séville / Saragosse / Ségovie / Santa Cruz / Santander / Sitges / Sabadell / Sagonte / Saint-Jacques-de-Compostelle / Saint-Sébastien / Salou / Salamanque / Salt / San Andrés / San Bartolomé / San Cristobal / San Sebastian / Sestao / Sueca / Soria / Sant Adria / Sant Boi / Sant Pere
93%
V Valence / Vigo / Vila-Real / Valladolid / Viladecans / Vic / Valls / Vilafranca del Penedès / Vilanova i la Geltrú / Villanueva de la Serena / Villena / Vitoria / Vinaros
88%
C Ceuta / Caceres / Calatayud / Cadix / Carthagène / Canet de Mar / Castelldefels / Cordoue / Ciudad Real / Cuenca / Cambrils
76%
G Gijón / Guadalajara / Gérone / Gandia / Getafe / Granollers / Grenade
76%
A Alméria / Alicante / Albacete / Alcorcon / Alcala de Henares / Algésiras / Alcobendas / Algemesi / Aranjuez / Avila
73%
P Pontevedra / Palencia / Pampelune / Palma / Paiporta / Paterna / Pineda de Mar / Plasencia / Portugalete / Puerto de la Cruz / Ponferrada
65%
L La Corogne / Llobregat / Lugo / L'Hospitalet de Llobregat / Léganes / Léon / Lloret de Mar / Lorca / Logroño / Lérida / Linares / Llucmajor / La Orotava / Langreo / Leioa / Los Realejos / Las Palmas de Grande Canarie
61%
T Tolède / Tarragone / Talavera de la Reina / Terrassa / Tudela / Teruel / Torrevieja / Torrejon de Ardoz / Torrent / Tres Cantos
51%
I Igualada / Irun / Ibiza / inca
45%
O Ourense / Oviedo / Oliva / Ontinyent / Olot
41%
J Jerez / Jaén
39%
H Huelva / Huesca
35%
E El Prat de Llobregat / Eibar / Elche / El Puerto de Santa María / El Vendrell
32%
F Fuenlabrada / Figueras / Ferrol
19%
Z Zamora
12%
R Rivas-Vaciamadrid / Ripollet / Reus / Rubi
10%
D Durango / Dos Hermanas
6%
X Xabia / Xativa
5%
U Úbeda
4%
Aucun quiz correspondant
Distribution des résultats
% des personnes avec chaque résultat
Percentile par nombre de réponses
Votre historique - résultats
Vous n’avez pas pris ce quiz